La tradicición clásica (Record no. 66869)

MARC details
000 -LEADER
campo de control de longitud fija 00909nam a2200265 i 4500
001 - NÚMERO DE CONTROL
campo de control 66869
003 - IDENTIFICADOR DE NÚMERO DE CONTROL
campo de control ES-MaACL
005 - FECHA Y HORA DE LA ÚLTIMA TRANSACCIÓN
campo de control 20230906165853.0
007 - CAMPO FIJO DE DESCRIPCIÓN FÍSICA--INFORMACIÓN GENERAL
campo de control de longitud fija t|
008 - DATOS DE LONGITUD FIJA--INFORMACIÓN GENERAL
campo de control de longitud fija 040415s1954 mx ||||1| spa d
020 ## - NÚMERO INTERNACIONAL ESTÁNDAR DEL LIBRO
Número Internacional Estándar del Libro 968-16-2479-3
080 ## - NÚMERO DE LA CLASIFICACIÓN DECIMAL UNIVERSAL
Número de la Clasificación Decimal Universal 87.09
080 ## - NÚMERO DE LA CLASIFICACIÓN DECIMAL UNIVERSAL
Número de la Clasificación Decimal Universal 82(4).09
100 1# - ENTRADA PRINCIPAL--NOMBRE DE PERSONA
Nombre de persona Highet, Gilbert.
9 (RLIN) 63641
245 13 - MENCIÓN DEL TÍTULO
Título La tradicición clásica
Resto del título : influencias griegas y romanas en la literatura occidental /
Mención de responsabilidad, etc. Gilbert Highet.
250 ## - MENCION DE EDICION
Mención de edición 1ª ed. en español.
260 ## - PUBLICACIÓN, DISTRIBUCIÓN, ETC.
Lugar de publicación, distribución, etc. México D.F. :
Nombre del editor, distribuidor, etc. Fondo de Cultura Económica,
Fecha de publicación, distribución, etc. 1954.
300 ## - DESCRIPCIÓN FÍSICA
Extensión 2 v. ;
Dimensiones 21 cm.
490 1# - MENCIÓN DE SERIE
Mención de serie Sección de lengua y estudios literarios (Fondo de Cultura Económica
500 ## - NOTA GENERAL
Nota general Indice.
650 14 - PUNTO DE ACCESO ADICIONAL DE MATERIA--TÉRMINO DE MATERIA
Término de materia o nombre geográfico como elemento de entrada Literatura clásica-
Subdivisión general Influencia.
9 (RLIN) 14525
830 0# - PUNTO DE ACCESO ADICIONAL DE SERIE-TÍTULO UNIFORME
Título uniforme Sección de lengua y estudios literarios (Fondo de Cultura Económica
9 (RLIN) 230848
852 ## - LOCALIZACIÓN
Ubicación ES-MaACL
Número de control de estantería L-27340-1
Sublocalización o colección R.132949
Holdings
Estatus retirado Estado de pérdida Estado de daño No para préstamo Biblioteca de origen Biblioteca actual Ubicación en estantería Fecha de adquisición Fuente de adquisición Total de préstamos Signatura topográfica completa Código de barras Visto por última vez Precio de reemplazo Tipo de ítem Koha
        Biblioteca del Ateneo de Madrid Biblioteca del Ateneo de Madrid Depósito 2 17/01/2008     L-27340-1 1070038 23/02/2023 23/02/2023 Libro impreso